[Event "Challenge"]
[Site "http://www.queenalice.com/game.php?id=1297226"]
[Date "2014.7.25"]
[Round "-"]
[White "Viceroy"]
[Black "ayanami"]
[Result "1-0"]
[WhiteElo "1757"]
[BlackElo "1145"]

1. d4 d5 2. Nf3 f6 3. c4 c6 4. Nc3 Bg4 5. Qb3 Qd6 6. Qxb7 Qd8 7. Qxa8 Bc8 8.
Qxb8 dxc4 9. e4 Nh6 10. Bxc4 g5 11. e5 Nf5 12. exf6 Nxd4 13. Nxd4 exf6 14. Qxa7
Rg8 15. Qf7# 1-0

[Event "Challenge"]
[Site "http://www.queenalice.com/game.php?id=1297227"]
[Date "2014.7.25"]
[Round "-"]
[White "josh_hh"]
[Black "Viceroy"]
[Result "0-1"]
[WhiteElo "1167"]
[BlackElo "1755"]

1. h4 e5 2. Rh3 d5 3. Re3 Nc6 4. d4 e4 5. Nh3 Qxh4 6. Qd2 Bb4 7. c3 Bd6 8. b3
Nge7 9. c4 Nf5 10. Rc3 e3 11. Rxe3+ Nxe3 12. Qxe3+ Be7 13. cxd5 Nb4 14. a3 Nc2+
15. Kd2 Nxe3 16. Kxe3 Bxh3 17. gxh3 Bg5+ 18. f4 Qxf4+ 19. Kd3 Qxc1 20. Bg2 Qe3+
21. Kc4 Qxe2+ 22. Kb4 Be7+ 23. d6 Bxd6+ 24. Ka4 Qa6# 0-1

[Event "Challenge"]
[Site "http://www.queenalice.com/game.php?id=1297229"]
[Date "2014.7.25"]
[Round "-"]
[White "mixatlas"]
[Black "Viceroy"]
[Result "0-1"]
[WhiteElo "1356"]
[BlackElo "1761"]

1. e4 e6 2. d4 d5 3. e5 c5 4. dxc5 Bxc5 5. Qg4 Ne7 6. Qxg7 Ng6 7. Bd3 Bf8 8.
Bb5+ Nc6 9. Bxc6+ bxc6 10. Qf6 Be7 11. Qf3 Nxe5 12. Qc3 Bd6 13. Nf3 Nxf3+ 14.
Qxf3 Ba6 15. h4 Qb6 16. b3 Be5 17. c3 Qc5 18. c4 Bxa1 19. Nd2 Bd4 20. O-O Rg8
21. g3 Ke7 22. Qh5 Rxg3+ 23. Kh2 Rg7 24. Nf3 dxc4 25. Bg5+ f6 26. Bxf6+ Kxf6 27.
Qh6+ Kf7 28. Qf4+ Bf6 29. Qh6 cxb3 30. Qe3 Qxe3 31. fxe3 Bxf1 32. axb3 Rg2+ 33.
Kh1 Rag8 34. Ne1 Rg1+ 35. Kh2 Be5# 0-1

[Event "Challenge"]
[Site "http://www.queenalice.com/game.php?id=1310552"]
[Date "2014.9.25"]
[Round "-"]
[White "Rogerio11"]
[Black "Viceroy"]
[Result "0-1"]
[WhiteElo "1318"]
[BlackElo "1759"]

1. e4 e6 2. d3 d5 3. c4 dxe4 4. dxe4 Qxd1+ 5. Kxd1 e5 6. Nf3 Nc6 7. Nc3 Bc5 8.
Nd5 Kd8 9. Bg5+ f6 10. Bh4 Nge7 11. a3 Bg4 12. Nxe7 Bxf3+ 13. gxf3 Bxe7 14. a4
Nd4 15. Bh3 Nxf3 16. Bg3 h5 17. Rc1 h4 18. Rc3 Nd4 19. b4 hxg3 20. hxg3 Bxb4 21.
Rc1 a5 22. f4 Ke7 23. g4 Rh4 24. fxe5 fxe5 25. c5 Rah8 26. c6 Rxh3 27. Rf1 Rd3#
0-1

[Event "Challenge"]
[Site "http://www.queenalice.com/game.php?id=1318107"]
[Date "2014.10.27"]
[Round "-"]
[White "gobblemate"]
[Black "Viceroy"]
[Result "1-0"]
[WhiteElo "1850"]
[BlackElo "1763"]

1. d4 d5 2. Nf3 e6 3. c4 c5 4. e3 Nf6 5. dxc5 Bxc5 6. Nc3 Nc6 7. cxd5 exd5 8.
Bb5 O-O 9. O-O Bg4 10. h3 Bh5 11. Be2 Rc8 12. Bd2 d4 13. Nxd4 Bxe2 14. Ndxe2 Re8
15. a3 a5 16. Nf4 Re7 17. Qc2 Rd7 18. Rad1 Ne7 19. Rfe1 Bb6 20. Re2 Ned5 21.
Nfxd5 Nxd5 22. Rde1 Rc6 23. e4 Nxc3 24. Bxc3 Bd4 25. Rc1 Qc7 26. Rd2 Qb6 27. Qd1
Rdd6 28. Bxd4 Rxc1 29. Qxc1 Rc6 30. Bc3 1-0

[Event "Challenge"]
[Site "http://www.queenalice.com/game.php?id=1331071"]
[Date "2014.12.27"]
[Round "-"]
[White "Viceroy"]
[Black "JORAM2205"]
[Result "1-0"]
[WhiteElo "1750"]
[BlackElo "1759"]

1. d4 d5 2. c4 e6 3. Nc3 Nf6 4. cxd5 Nxd5 5. e4 Nf6 6. Nf3 Nc6 7. Bg5 Be7 8. Bb5
Bd7 9. O-O a6 10. Ba4 b5 11. Bb3 Bd6 12. e5 h6 13. Bxf6 gxf6 14. exd6 cxd6 15.
d5 Ne7 16. Re1 Qc8 17. Rc1 e5 18. Ne4 Qb7 19. Nxd6+ Kf8 20. Nxb7 Nf5 21. Nc5 Bc8
22. d6 Rg8 23. d7 Bxd7 24. Qxd7 Ne7 25. Nxe5 fxe5 26. Rxe5 Re8 27. Rce1 Kg7 28.
Rxe7 Ref8 29. Rxf7+ Rxf7 30. Qxf7+ 1-0

[Event "Challenge"]
[Site "http://www.queenalice.com/game.php?id=1334404"]
[Date "2015.1.12"]
[Round "-"]
[White "ORNELAS"]
[Black "Viceroy"]
[Result "0-1"]
[WhiteElo "1682"]
[BlackElo "1764"]

1. Nf3 d5 2. d4 Nf6 3. Bg5 Ne4 4. Ne5 Nxg5 5. e3 Bf5 6. Bb5+ Nd7 7. Qh5 g6 8.
Qxg5 f6 9. Qf4 c6 10. Nxd7 Qxd7 11. Bd3 Bxd3 12. cxd3 Bg7 13. O-O O-O 14. b4 e5
15. dxe5 fxe5 16. Qg5 e4 17. d4 Bf6 18. Qh6 Be7 19. a3 Rf5 20. Qh3 Bd6 21. Nd2
Raf8 22. Qg4 Qc7 23. Qe2 Bxh2+ 24. Kh1 Rh5 25. g3 Bxg3+ 26. Kg1 Rh2 27. Qg4
Bxf2+ 28. Rxf2 Rfxf2 29. Rf1 Rxf1+ 30. Nxf1 Ra2 31. Qh3 Rxa3 32. Qe6+ Kg7 33.
Qg4 Qf7 34. Qg2 Ra1 35. Qf2 Rxf1+ 36. Qxf1 Qxf1+ 37. Kxf1 Kf6 38. Kg2 Kg5 39.
Kg3 h5 40. Kh3 h4 41. Kg2 Kg4 42. Kh2 Kf3 43. Kh3 Kxe3 44. Kxh4 Kxd4 45. Kg5 e3
46. Kxg6 e2 47. Kf6 e1=Q 48. Kf7 Qe5 0-1

[Event "OS INCLIVEIS"]
[Site "http://www.queenalice.com/game.php?id=1335697"]
[Date "2015.1.19"]
[Round "-"]
[White "Viceroy"]
[Black "adelio"]
[Result "1-0"]
[WhiteElo "1748"]
[BlackElo "1754"]

1. d4 d5 2. c4 c5 3. cxd5 e6 4. e4 Bd7 5. Nf3 f6 6. Nc3 a6 7. Qb3 exd5 8. Nxd5
Nc6 9. Qxb7 Qb8 10. Qxa8 Bd6 11. Qxb8+ Bxb8 12. dxc5 Ne5 13. Nxe5 Bxe5 14. Bxa6
Ne7 15. Rb1 Ng6 16. O-O O-O 17. Bc4 Kh8 18. Be3 Nh4 19. f4 Bb8 20. f5 g6 21.
Nxf6 Rxf6 22. Bd4 Kg7 23. fxg6 Bxh2+ 24. Kxh2 Nxg6 25. Bxf6+ Kh6 26. e5 Bg4 27.
e6 Kh5 28. e7 Bd7 29. Bf7 Kg4 30. e8=Q Bxe8 31. Bxe8 Nh4 32. Rbe1 Nxg2 33. Re4+
Nf4 34. Rexf4# 1-0

[Event "Challenge"]
[Site "http://www.queenalice.com/game.php?id=1338565"]
[Date "2015.2.1"]
[Round "-"]
[White "Viceroy"]
[Black "Excsiu"]
[Result "1-0"]
[WhiteElo "1762"]
[BlackElo "1750"]

1. d4 d5 2. c4 e6 3. Nc3 dxc4 4. e4 Bb4 5. Bxc4 Nc6 6. Nf3 f5 7. Bg5 Nf6 8. e5
h6 9. Bxf6 gxf6 10. O-O fxe5 11. dxe5 Qe7 12. Rc1 Rg8 13. Ne2 Qg7 14. g3 Bd7 15.
Qb3 Be7 16. Qxb7 Rb8 17. Qxc7 Rxb2 18. Ned4 Nxd4 19. Nxd4 f4 20. Nxe6 Bxe6 21.
Bxe6 Rd2 22. Bxg8 Qxg8 23. Qxa7 Rxa2 24. Rc8+ Bd8 25. Qd4 Qg5 26. e6 Re2 27.
Qd7+ Kf8 28. Qf7# 1-0

[Event "Challenge"]
[Site "http://www.queenalice.com/game.php?id=1341499"]
[Date "2015.2.14"]
[Round "-"]
[White "edemarc"]
[Black "Viceroy"]
[Result "0-1"]
[WhiteElo "1494"]
[BlackElo "1781"]

1. e4 e5 2. Nf3 Nc6 3. Nc3 Nf6 4. d4 exd4 5. Bg5 dxc3 6. bxc3 d6 7. Bb5 Be7 8.
O-O O-O 9. Re1 Bg4 10. h3 Bxf3 11. Qxf3 Ne5 12. Qe3 c6 13. Be2 Nd5 14. exd5 Bxg5
15. f4 Re8 16. fxg5 Ng6 17. Qf3 Qxg5 18. Bc4 Nh4 19. Qf2 Ng6 20. Rad1 Ne5 21.
Bb3 c5 22. c4 a5 23. Ba4 Re7 24. Re2 Nxc4 25. Rde1 Ne5 26. Re4 Rc8 27. R1e3 Rcc7
28. Rg3 Qc1+ 29. Re1 Qxe1+ 30. Qxe1 Nf3+ 31. Rxf3 Rxe1+ 32. Kf2 Rce7 33. Kg3
R7e5 34. h4 R1e3 35. Bd7 Rxf3+ 36. gxf3 Rxd5 37. Kg4 Rd2 38. f4 Rxc2 39. a4 Rc4
40. h5 Kf8 41. Kg5 Ke7 42. Bb5 Rb4 43. Bd3 h6+ 44. Kf5 Rxa4 45. Bb5 Rb4 46. Bf1
a4 47. Bd3 a3 48. Bc2 a2 49. Bd3 a1=Q 50. Bc2 Qf6+ 51. Kg4 Rxf4+ 52. Kg3 Qh4+
53. Kg2 Rf2+ 54. Kg1 Qh2# 0-1

[Event "Challenge"]
[Site "http://www.queenalice.com/game.php?id=1344714"]
[Date "2015.2.28"]
[Round "-"]
[White "DAN1958"]
[Black "Viceroy"]
[Result "0-1"]
[WhiteElo "1364"]
[BlackElo "1758"]

1. e4 e5 2. Nc3 Nf6 3. g3 d5 4. f3 d4 5. Nce2 Nc6 6. a3 Be7 7. d3 Be6 8. c4 a5
9. h3 h6 10. g4 Nd7 11. Qd2 Nc5 12. Qd1 Bh4+ 13. Kd2 a4 14. Rb1 Nb3+ 15. Kc2 Qe7
16. Bd2 O-O-O 17. Nc1 Qc5 18. Nge2 Bxc4 19. dxc4 Qxc4+ 20. Nc3 d3+ 21. Bxd3
Ncd4# 0-1

[Event "Challenge"]
[Site "http://www.queenalice.com/game.php?id=1344715"]
[Date "2015.2.28"]
[Round "-"]
[White "TammieM3ENF"]
[Black "Viceroy"]
[Result "0-1"]
[WhiteElo "885"]
[BlackElo "1777"]

1. c4 e6 2. e4 d5 3. d3 dxe4 4. dxe4 Qxd1+ 5. Kxd1 Nc6 6. f4 Bc5 7. Nf3 Nd4 8.
Be3 e5 9. Bxd4 exd4 10. Nxd4 Bxd4 11. a4 Bxb2 12. Kc2 Bxa1 13. Bd3 Bd7 14. Nc3
Bxc3 15. Kxc3 Bxa4 16. e5 Bc6 17. f5 O-O-O 18. h4 f6 19. exf6 Nxf6 20. c5 Nd5+
21. Kc4 Nf4 22. Be4 Bxe4 23. Ra1 a6 24. g3 Bd3+ 25. Kb4 Nd5+ 26. Ka3 Rhe8 27.
Rd1 Re3 28. Rxd3 Rxd3+ 29. Kb2 Nb4 30. h5 Re8 31. g4 Re2+ 32. Kc1 Rc2+ 33. Kb1
Rd1# 0-1

[Event "Challenge"]
[Site "http://www.queenalice.com/game.php?id=1344716"]
[Date "2015.2.28"]
[Round "-"]
[White "josh_hh"]
[Black "Viceroy"]
[Result "0-1"]
[WhiteElo "1237"]
[BlackElo "1779"]

1. h4 d5 2. h5 e5 3. e3 Nf6 4. Bb5+ Nc6 5. d4 e4 6. f3 Bb4+ 7. Bd2 Qe7 8. fxe4
Nxe4 9. c3 Bd6 10. a4 Bg3+ 11. Kf1 Nf2 12. Qe2 Nxh1 13. Bxc6+ bxc6 14. a5 Bh4
15. a6 Ng3+ 16. Kf2 Nxe2+ 17. Kxe2 Qg5 18. Nf3 Qxg2+ 19. Kd3 Bf5+ 20. e4 Bxe4+
21. Ke3 Qxf3# 0-1

[Event "Challenge"]
[Site "http://www.queenalice.com/game.php?id=1347698"]
[Date "2015.3.15"]
[Round "-"]
[White "Viceroy"]
[Black "peaceman"]
[Result "1-0"]
[WhiteElo "1756"]
[BlackElo "1273"]

1. e4 e5 2. Bc4 d6 3. Nf3 h6 4. d3 a6 5. c3 b5 6. Bd5 c6 7. Bb3 Nf6 8. Nbd2 a5
9. d4 a4 10. Bc2 Nbd7 11. Nf1 g5 12. Ne3 Qb6 13. O-O c5 14. dxe5 dxe5 15. Nf5
Nh5 16. Be3 Ndf6 17. Nxe5 Bd6 18. Nxd6+ Kd8 19. Ndc4+ Qd6 20. Qxd6+ Bd7 21. Nb6
Ne8 22. Qxd7# 1-0

[Event "Challenge"]
[Site "http://www.queenalice.com/game.php?id=1347699"]
[Date "2015.3.15"]
[Round "-"]
[White "Viceroy"]
[Black "SirShawn"]
[Result "1-0"]
[WhiteElo "1760"]
[BlackElo "1221"]

1. e4 e5 2. Bc4 Qe7 3. Nf3 Nf6 4. d3 g6 5. Bg5 h6 6. Bxf6 Qxf6 7. c3 Bc5 8. d4
exd4 9. cxd4 Bb4+ 10. Nc3 O-O 11. O-O d5 12. Nxd5 Qc6 13. Qb3 Qe6 14. Qxb4 Re8
15. Nxc7 Qxe4 16. Nxe8 Nc6 17. Nf6+ Kg7 18. Qd6 Qe7 19. Rfe1 Qxd6 20. Ne8+ Kh7
21. Nxd6 Be6 22. Bxe6 fxe6 23. Rxe6 Rd8 24. Nxb7 Rxd4 25. Nxd4 Nxd4 26. Re7+ 1-0

[Event "Challenge"]
[Site "http://www.queenalice.com/game.php?id=1347701"]
[Date "2015.3.15"]
[Round "-"]
[White "Viceroy"]
[Black "ChrisBidlack"]
[Result "0-1"]
[WhiteElo "1786"]
[BlackElo "1207"]

1. e4 e5 2. Bc4 Bc5 3. Nf3 d6 4. c3 Qf6 5. d4 exd4 6. cxd4 Bb4+ 7. Nc3 Be6 8.
Qa4+ Nc6 9. Bd2 Bxc3 10. Bxc3 Bxc4 11. Qxc4 Qg6 12. O-O Nge7 13. Rfe1 O-O 14.
Rad1 Rac8 15. e5 d5 16. Qd3 Qxd3 17. Rxd3 b6 18. e6 a5 19. Rde3 Nf5 20. exf7+
Rxf7 21. Re6 Nce7 22. g4 Nd6 23. Rxe7 Rxf3 24. R1e3 Rxe3 25. Rxe3 Re8 26. Re1
Rxe1+ 27. Bxe1 Nb5 28. Bc3 a4 29. a3 c6 30. Kf1 Kf7 31. Ke2 Kf6 32. h4 h6 33.
Ke3 g5 34. hxg5+ hxg5 35. f4 Nd6 36. f5 Ne4 37. Kf3 Kf7 38. Ke3 Nf6 39. Kf3 Ke7
40. Kg3 Kd7 41. Kf3 Kc7 42. Bb4 b5 43. Be7 Ne4 44. Ke3 Kd7 45. Bc5 Nf6 46. Kf3
Ne4 47. Ke3 Ng3 48. Kf2 Ne4+ 49. Ke3 Ke8 50. Ke2 Kf7 51. Ke3 Nf6 52. Kf3 Kg7 53.
Be7 Ne4 54. Ke3 Kf7 55. Bc5 Kf6 56. Ke2 Ng3+ 57. Kf3 Nf1 58. Kf2 Nd2 0-1

[Event "Challenge"]
[Site "http://www.queenalice.com/game.php?id=1362025"]
[Date "2015.5.28"]
[Round "-"]
[White "knightsdefence"]
[Black "Viceroy"]
[Result "0-1"]
[WhiteElo "1217"]
[BlackElo "1778"]

1. d4 d5 2. Bf4 c6 3. e3 Qb6 4. Qc1 Bf5 5. Bd3 Bxd3 6. cxd3 Nf6 7. Nf3 Nbd7 8.
Ne5 e6 9. h3 Be7 10. Nc3 c5 11. dxc5 Nxc5 12. d4 Nce4 0-1

[Event "Challenge"]
[Site "http://www.queenalice.com/game.php?id=1396776"]
[Date "2015.11.30"]
[Round "-"]
[White "Viceroy"]
[Black "Matach"]
[Result "1-0"]
[WhiteElo "1795"]
[BlackElo "1064"]

1. e4 e5 2. Nf3 d6 3. d4 Nf6 4. Nc3 Na6 5. Bxa6 bxa6 6. dxe5 Bb7 7. exf6 gxf6 8.
b3 Qd7 9. Bb2 O-O-O 10. Nd5 Bg7 11. O-O Rhe8 12. Nxf6 Bxf6 13. Bxf6 a5 14. Bxd8
Rxd8 15. Re1 d5 16. exd5 Bxd5 17. Qd4 c6 18. Ne5 Qb7 19. Qf4 Qc7 20. Qf5+ Kb7
21. Rad1 Rd6 22. Nc4 Rd7 23. Nxa5+ Kb6 24. Nc4+ Kb7 25. Ne3 a6 26. Nxd5 Qd8 27.
Ne3 h6 28. Rxd7+ Qxd7 29. Qxd7+ Kb6 30. Nc4+ Kc5 31. Qd6+ Kb5 32. a4# 1-0

[Event "Challenge"]
[Site "http://www.queenalice.com/game.php?id=1396777"]
[Date "2015.11.30"]
[Round "-"]
[White "Viceroy"]
[Black "peaceman"]
[Result "1-0"]
[WhiteElo "1780"]
[BlackElo "1175"]

1. e4 e5 2. Nf3 Qe7 3. Nc3 a6 4. d4 d6 5. Nd5 Qd7 6. Bc4 b5 7. Bb3 f6 8. a4 h6
9. axb5 g5 10. b6 c6 11. Be3 cxd5 12. Ba4 Nc6 13. exd5 Bb7 14. dxc6 Bxc6 15.
Bxc6 Qxc6 16. dxe5 dxe5 17. O-O Bd6 18. Qe2 Bc5 19. Rxa6 Rxa6 20. Qxa6 Ne7 21.
Bxc5 Nc8 22. b4 Rh7 23. Ra1 Rb7 24. Qa8 e4 25. Re1 Kd7 26. Rd1+ Ke6 27. Nd4+ Ke5
28. Nxc6+ Kf5 29. Qxc8+ Kg6 30. Qxb7 Kf5 31. Qh7+ Kg4 32. Qxe4+ Kh5 33. Ne7 g4
34. Qf5+ Kh4 35. Ng6# 1-0

[Event "Challenge"]
[Site "http://www.queenalice.com/game.php?id=1396778"]
[Date "2015.11.30"]
[Round "-"]
[White "Viceroy"]
[Black "DAN1958"]
[Result "1-0"]
[WhiteElo "1778"]
[BlackElo "1457"]

1. e4 e5 2. Nf3 d6 3. d4 Nc6 4. Bb5 a6 5. Bxc6+ bxc6 6. dxe5 Bg4 7. Qd3 Bxf3 8.
Qxf3 h6 9. e6 fxe6 10. Qh5+ g6 11. Qxg6+ Kd7 12. O-O Qf6 13. Qg3 e5 14. Nc3 Rb8
15. f4 Ne7 16. fxe5 Qxe5 17. Qxe5 Rh7 18. Qg3 Rg7 19. Qh3+ Kd8 20. Rxf8# 1-0

[Event "Challenge"]
[Site "http://www.queenalice.com/game.php?id=1405091"]
[Date "2016.1.19"]
[Round "-"]
[White "Viceroy"]
[Black "swampthing"]
[Result "1-0"]
[WhiteElo "1793"]
[BlackElo "1313"]

1. d4 e6 2. c4 d5 3. Nc3 c6 4. Bf4 dxc4 5. e3 b5 6. a4 Qa5 7. axb5 Qb4 8. Ra2
Nf6 9. Qc2 Bd7 10. Ra4 Qb3 11. Qxb3 cxb3 12. b6 a6 13. b7 Ra7 14. Bxb8 Rxb7 15.
Be5 Rb6 16. Bxa6 Be7 17. Nge2 O-O 18. O-O Ra8 19. Rfa1 Ng4 20. Bc4 Rab8 21. Bxb8
Rxb8 22. Ra8 Rxa8 23. Rxa8+ Bf8 24. Rd8 Nf6 25. e4 Be8 26. e5 Nh5 27. g4 Nf6 28.
exf6 gxf6 29. Rxe8 Kg7 30. Nf4 1-0

[Event "Challenge"]
[Site "http://www.queenalice.com/game.php?id=1405094"]
[Date "2016.1.19"]
[Round "-"]
[White "swampthing"]
[Black "Viceroy"]
[Result "0-1"]
[WhiteElo "1315"]
[BlackElo "1791"]

1. Nf3 d5 2. d4 c5 3. dxc5 e6 4. e3 Bxc5 5. Ne5 f6 6. Nd3 Qb6 7. Nc3 Nd7 8. Na4
Qc6 9. Qg4 g6 10. Nf4 Qxa4 11. Qxe6+ Ne7 12. Nxd5 Nb6 13. Qxf6 Rf8 14. Qg7 Nbxd5
15. Qxh7 Bf5 16. b3 Bb4+ 17. Bd2 Bxd2+ 18. Kxd2 Qb4+ 19. Ke2 Nc3+ 20. Ke1 Nb1+
21. Kd1 Qd2# 0-1

[Event "OS INCLIVEIS"]
[Site "http://www.queenalice.com/game.php?id=1405230"]
[Date "2016.1.20"]
[Round "-"]
[White "adelio"]
[Black "Viceroy"]
[Result "1/2-1/2"]
[WhiteElo "1686"]
[BlackElo "1782"]

1. d4 e6 2. c4 Bb4+ 3. Nc3 c5 4. e3 Nc6 5. a3 Bxc3+ 6. bxc3 d6 7. Be2 b6 8. Nf3
Bb7 9. e4 Nf6 10. Ng5 h6 11. Nxf7 Kxf7 12. h4 Nxe4 13. Bh5+ g6 14. Qf3+ Nf6 15.
Bxg6+ Kxg6 16. h5+ Kg7 17. Qg3+ Kf7 18. Qg6+ Ke7 19. Qg7+ Ke8 20. Qxh8+ Kd7 21.
Qxh6 Qh8 22. Bg5 Qxh6 23. Bxh6 Rh8 24. d5 exd5 25. Bg7 Rxh5 26. Rxh5 Nxh5 27.
Bh6 Nf6 28. Bg7 Ke7 29. Bxf6+ Kxf6 30. cxd5 Ne7 31. c4 Ba6 32. Rc1 Nf5 33. Kd2
Nd4 34. Rh1 Bxc4 35. Rh6+ Ke5 36. Rh5+ Ke4 37. f3+ Kf4 38. Rh4+ Kg3 39. Rg4+ Kf2
40. Rg6 Ne2 41. f4 Nxf4 42. Rf6 Kg3 43. Rxd6 Bxd5 44. Rd7 Kxg2 45. Rxa7 b5 46.
a4 bxa4 47. Rxa4 Kf3 48. Kc3 c4 49. Rxc4 Bxc4 50. Kxc4 1/2-1/2

[Event "Challenge"]
[Site "http://www.queenalice.com/game.php?id=1406527"]
[Date "2016.1.28"]
[Round "-"]
[White "ORNELAS"]
[Black "Viceroy"]
[Result "0-1"]
[WhiteElo "1622"]
[BlackElo "1781"]

1. d4 Nf6 2. d5 e6 3. dxe6 fxe6 4. Bg5 h6 5. Bxf6 Qxf6 6. Nc3 Bb4 7. a3 Bxc3+ 8.
bxc3 Qxc3+ 9. Qd2 Qxa1+ 10. Qd1 Qxd1+ 11. Kxd1 O-O 12. Nf3 b6 13. g3 Bb7 14. Bg2
d6 15. e3 Bxf3+ 16. Bxf3 Rxf3 17. Rf1 Nd7 18. Ke2 Raf8 19. c4 Ne5 20. h4 Ng4 21.
Kd2 Rxf2+ 22. Rxf2 Rxf2+ 23. Kd3 Rf3 24. Ke4 Rf5 25. Kd3 h5 26. Ke4 Re5+ 27. Kf4
Kf7 28. Kf3 Rxe3+ 29. Kf4 Kf6 30. a4 e5# 0-1